banner-ar

نظرية المنهج= Curriculum Theary / (Record no. 29833)

MARC details
000 -الفاتح
حقل البيانات ثابتة الطول 00741nam a2200241Ia 4500
008 - عناصر البيانات ثابتة الطول - معلومات عامة
حقل البيانات ثابتة الطول 140319s9999 xx 000 0 ara d
040 ## - مصدر الفهرسة
وكالة الفهرسة الأصلية GCL /
وكالة النسخ GCL
082 04 - رقم تصنيف ديوى العشرى
رقم التصنيف 375.001
رقم المادة ب ن
100 1# - المدخل الرئيسى - إسم شخصى
الإسم الشخصى ممدوح محمد سليمان
245 10 - بيان العنوان
العنوان نظرية المنهج= Curriculum Theary /
بيان المسئوليه,etc ممدوح محمد سليمان
700 1# - المدخل الاضافى - اسم شخصى
الإسم الشخصى بوشامب ، جورج
700 1# - المدخل الاضافى - اسم شخصى
الإسم الشخصى بهاءالدين السيد النجار (مترجم)
260 ## - PUBLICATION, DISTRIBUTION, ETC. (IMPRINT)
تاريخ النشر أو التوزيع 1987
300 ## - الوصف المادى
التعداد 206
490 ## - بيان السلسلة
عنوان السلسلة
650 04 - المدخل الاضافى بالموضوع-مصطلح موضوعى
مصطلح موضوعي التعليم
650 04 - المدخل الاضافى بالموضوع-مصطلح موضوعى
مصطلح موضوعي المناهج
650 04 - المدخل الاضافى بالموضوع-مصطلح موضوعى
مصطلح موضوعي الاجتماع
650 04 - المدخل الاضافى بالموضوع-مصطلح موضوعى
مصطلح موضوعي تخطيط
650 04 - المدخل الاضافى بالموضوع-مصطلح موضوعى
مصطلح موضوعي تطوير
942 ## - عناصر المدخل الإضافي( كوها)
مصدر التصنيف او مخطط الترفيف Dewey Decimal Classification
Koha [default] item type كتاب
260 ## - PUBLICATION, DISTRIBUTION, ETC. (IMPRINT)
-- [S.N] :
-- الدار العربية للتوزيع والنشر ،
Holdings
حالة التراجع حالة الفقد حالة تلف ليس للاعارة المكان المؤقت الموقع الحالى تاريخ الاكتساب اجمالي اﻻعارات رقم الطلب الباركود تاريخ اخر مشاهدة تاريخ تفعيل السعر نوع وعاء كوها
        مكتبة القاهرة الكبرى مكتبة القاهرة الكبرى 03/26/2014   375.001\ب ن 69220 03/26/2014 03/26/2014 كتاب

Powered By

EGPV